Siete estudios de historia de España

Gespeichert in:
Bibliographische Detailangaben
1. Verfasser: Carande, Ramón (VerfasserIn)
Format: Buch
Sprache:Spanisch
Veröffentlicht: Sevilla, España Ariel 1969
Schriftenreihe:Ariel Quincenal, 27
Schlagworte:
Tags: Tag hinzufügen
Keine Tags, Fügen Sie den ersten Tag hinzu!

MARC

LEADER 00000cam a2200000 a 4500
001 UCO2212
003 CL-VaPUC
005 20210521001547.0
008 000602e19690000SP |||||||||||||||||spa|d
999 |c 288751  |d 288749 
040 |c Pontificia Universidad Católica de Valparaíso 
082 0 4 |a 946 CAR 1969  |2 21 
100 |a Carande, Ramón  |e author  |9 457711 
245 1 0 |a Siete estudios de historia de España 
260 |a Sevilla, España  |b Ariel  |c 1969 
300 |a 229 páginas 
490 0 |a Ariel Quincenal,  |v  27 
583 |a last modification  |c 20181123 01:48:00  |k Rodrigo Vera 
650 0 |a Historia de España  |9 315435 
650 7 |a DESARROLLO ECONOMICO  |2 CL-VaPUC  |9 314036  |z ESPAÑA 
650 7 |a REYES CATOLICOS  |2 CL-VaPUC  |9 420971  |z ESPAÑA 
942 |c BK  |2 ddc 
945 |d 20000602 00:00:00  |a rherrera 
952 |0 0  |1 0  |2 ddc  |4 0  |6 946_000000000000000_CAR_1969  |7 0  |8 A  |9 336665  |a BIBHIS  |b BIBHIS  |d 2019-11-20  |i 1283634  |o 946 CAR 1969  |p 1283634  |r 2025-01-20  |t 1  |w 2019-11-20  |y BK  |k HIS 
952 |0 0  |1 0  |2 ddc  |4 0  |6 946_000000000000000_CAR_1969  |7 0  |8 A  |9 336666  |a BIBHIS  |b BIBHIS  |d 2019-11-20  |i 4417046  |o 946 CAR 1969  |p 4417046  |r 2025-01-20  |t 2  |w 2019-11-20  |y BK  |k HIS 
952 |0 0  |1 0  |2 ddc  |3 erb  |4 0  |6 946_000000000000000_CAR_1969  |7 0  |8 A  |9 336667  |a BIBHIS  |b BIBHIS  |i 5517044  |o 946 CAR 1969  |p 5517044  |r 2025-01-20  |t 3  |w 2019-11-20  |y BK  |z Catalogado en:20181123  |k HIS